000 01892cam a2200265 4500500
005 20260222004544.0
041 _afre
042 _adc
100 1 0 _aPinet, Guillaume
_eauthor
245 0 0 _aLes généalogies ancestrales de la noblesse militaire (1580-1630)
260 _c2026.
500 _a17
520 _aCet article analyse les ressorts politiques de l’écriture chez deux capitaines français des guerres civiles et de Religion, Jean de Saulx-Tavannes et François Le Poulchre, qui construisirent les généalogies ancestrales de leur maison dans leurs mémoires de guerre. Se réclamer d’un ancêtre illustre, c’est à la fois soutenir des prétentions lignagères ou confessionnelles et participer au façonnage de soi. Durant la période mouvementée des guerres civiles et de Religion, les gentilshommes défendent leurs choix de vie en même temps qu’ils plaident leurs causes judiciaires.
520 _aThis article examines the political motivations behind the writings of two French captains of the Wars of Religion, Jean de Saulx-Tavannes and François Le Poulchre, who constructed the ancestral genealogies of their house in their military memoirs. By claiming an illustrious ancestor, they supported their lineage or denominational claims and revealed a self-fashioning. During the turbulent period of the Wars of Religion, gentlemen defended their lifestyle choices at the same time as they pleaded their legal cases.
690 _afait nobiliaire
690 _agénéalogie
690 _amémoires militaires
690 _anégociation
690 _agenealogy
690 _amilitary memoirs
690 _anegotiation
690 _anoble status
786 0 _nDix-septième siècle | 309 | 4 | 2026-01-09 | p. 679-692 | 0012-4273
856 4 1 _uhttps://shs.cairn.info/revue-dix-septieme-siecle-2025-4-page-679?lang=fr&redirect-ssocas=7080
999 _c1668436
_d1668436